Search the Library Catalogue
| 000 -LEADER | |
|---|---|
| fixed length control field | 00821nam a2200241Ia 4500 |
| 008 - FIXED-LENGTH DATA ELEMENTS--GENERAL INFORMATION | |
| fixed length control field | 191130s2005##################000#0#eng## |
| 020 ## - INTERNATIONAL STANDARD BOOK NUMBER | |
| International Standard Book Number | 9780333739198 |
| 022 ## - INTERNATIONAL STANDARD SERIAL NUMBER | |
| International Standard Serial Number | 2004062716 |
| 040 ## - CATALOGING SOURCE | |
| Original cataloging agency | ACL |
| Transcribing agency | ACL |
| 082 ## - DEWEY DECIMAL CLASSIFICATION NUMBER | |
| Classification number | 351.41 MAS |
| 100 ## - MAIN ENTRY--PERSONAL NAME | |
| Personal name | Massey, Andrew |
| 245 ## - TITLE STATEMENT | |
| Title | Public management and modernisation in Britain |
| Statement of responsibility, etc. | Andrew Massey and Robert Pyper |
| 260 ## - PUBLICATION, DISTRIBUTION, ETC. | |
| Place of publication, distribution, etc. | Basingstoke, Hampshire |
| Name of publisher, distributor, etc. | Palgrave Macmillan |
| Date of publication, distribution, etc. | 2005 |
| 300 ## - PHYSICAL DESCRIPTION | |
| Extent | viii, 198 p. ; 22 cm |
| 500 ## - GENERAL NOTE | |
| General note | Includes bibliographical references (p. 179-191) and index |
| 650 ## - SUBJECT ADDED ENTRY--TOPICAL TERM | |
| Topical term or geographic name entry element | Administrative agencies - Great Britain - Management |
| Topical term or geographic name entry element | Organizational change - Great Britain |
| Topical term or geographic name entry element | Public administration - Great Britain |
| 700 ## - ADDED ENTRY--PERSONAL NAME | |
| Personal name | Pyper, Robert |
| 990 ## - EQUIVALENCES OR CROSS-REFERENCES [LOCAL, CANADA] | |
| Link information for 9XX fields | 225a1e7aac10000c09ce755b070fb0ab |
| 991 ## - | |
| -- | 47450 |
| Withdrawn status | Lost status | Materials specified (bound volume or other part) | Damaged status | Not for loan | Home library | Current library | Shelving location | Date acquired | Total Checkouts | Full call number | Barcode | Date last seen | Price effective from | Koha item type |
|---|---|---|---|---|---|---|---|---|---|---|---|---|---|---|
| hbk | Anna Centenary Library | Anna Centenary Library | 4TH FLOOR, A WING | 09.10.2020 | 351.41 MAS | 306165 | 09.10.2020 | 09.10.2020 | English Books |